<?xml version="1.0" encoding="UTF-8"?>
<record
    xmlns:xsi="http://www.w3.org/2001/XMLSchema-instance"
    xsi:schemaLocation="http://www.loc.gov/MARC21/slim http://www.loc.gov/standards/marcxml/schema/MARC21slim.xsd"
    xmlns="http://www.loc.gov/MARC21/slim">

  <leader>00535nam a22001937a 4500</leader>
  <controlfield tag="003">CUTN</controlfield>
  <controlfield tag="005">20260421120447.0</controlfield>
  <controlfield tag="008">260421b        |||||||| |||| 00| 0 eng d</controlfield>
  <datafield tag="020" ind1=" " ind2=" ">
    <subfield code="a">9788199030015</subfield>
  </datafield>
  <datafield tag="041" ind1=" " ind2=" ">
    <subfield code="a">Tamil</subfield>
  </datafield>
  <datafield tag="082" ind1=" " ind2=" ">
    <subfield code="2">23rd</subfield>
    <subfield code="a">494.811</subfield>
    <subfield code="b">DEV</subfield>
  </datafield>
  <datafield tag="100" ind1=" " ind2=" ">
    <subfield code="a">&#xBA4;&#xBC7;&#xBB5;&#xBA8;&#xBC7;&#xBAF;&#xBAA;&#xBCD; &#xBAA;&#xBBE;&#xBB5;&#xBBE;&#xBA3;&#xBB0;&#xBCD;</subfield>
  </datafield>
  <datafield tag="245" ind1=" " ind2=" ">
    <subfield code="a">&#xBA4;&#xBB2;&#xBC8;&#xBAE;&#xBC8;&#xBA4;&#xBCD; &#xBA4;&#xBAE;&#xBBF;&#xBB4;&#xBCD;</subfield>
  </datafield>
  <datafield tag="250" ind1=" " ind2=" ">
    <subfield code="a">&#xBAE;&#xBC1;&#xBA4;&#xBB1;&#xBCD;&#xBAA;&#xBA4;&#xBBF;&#xBAA;&#xBCD;&#xBAA;&#xBC1;</subfield>
  </datafield>
  <datafield tag="260" ind1=" " ind2=" ">
    <subfield code="a">23rd</subfield>
    <subfield code="b">494.811</subfield>
    <subfield code="c">DEV</subfield>
  </datafield>
  <datafield tag="300" ind1=" " ind2=" ">
    <subfield code="a">190P.,</subfield>
  </datafield>
  <datafield tag="650" ind1=" " ind2=" ">
    <subfield code="a">&#xB87;&#xBB2;&#xB95;&#xBCD;&#xB95;&#xBA3;&#xBAE;&#xBCD;</subfield>
  </datafield>
  <datafield tag="942" ind1=" " ind2=" ">
    <subfield code="2">ddc</subfield>
    <subfield code="c">TAM</subfield>
  </datafield>
  <datafield tag="999" ind1=" " ind2=" ">
    <subfield code="c">51116</subfield>
    <subfield code="d">51116</subfield>
  </datafield>
  <datafield tag="952" ind1=" " ind2=" ">
    <subfield code="0">0</subfield>
    <subfield code="1">0</subfield>
    <subfield code="2">ddc</subfield>
    <subfield code="4">0</subfield>
    <subfield code="7">0</subfield>
    <subfield code="8">NFIC</subfield>
    <subfield code="a">CUTN</subfield>
    <subfield code="b">CUTN</subfield>
    <subfield code="c">400</subfield>
    <subfield code="d">2026-04-21</subfield>
    <subfield code="g">395.00</subfield>
    <subfield code="l">0</subfield>
    <subfield code="o">494.811 DEV</subfield>
    <subfield code="p">56379</subfield>
    <subfield code="r">2026-04-21 12:05:16</subfield>
    <subfield code="w">2026-04-21</subfield>
    <subfield code="y">TAM</subfield>
  </datafield>
</record>
